000 01139nam0a22002411 4500
001 rc\607261
005 20260407091756.0
035 _a(NLR Aleph) 005851251
090 _a5781076
_c5781076
100 _a20031121d1986 |||y0rusy50 ca
101 0 _arus
102 _aRU
105 _ay |||||||||
200 1 _aЛЕЧЕНИЕ, профилактика и прогноз пубертатно-юношеского диспитуитаризма (гипоталамического синдрома)
_eМетод. рекомендации
_e(С правом переизд. мест. органами здравоохранения)
_fМ-во здравоохранения РСФСР, [Перм. гос. мед. ин-т
_gК. м. н. Каюшева И.В.]
210 _aПермь
_cБ. и.
_d1986 (вып. дан. 1987)
215 _a20 с.
_d20
702 1 _aКаюшева
_bИ.В.
_gИрина Владимировна
_4220
712 0 2 _aПермский медицинский институт
_3RU\NLR\AUTH\8817267
_9307752
801 0 _aRU
_bNLR
_gpsbo
801 1 _aRU
_bELAR
_2rusmarc
852 _aNLR
_j88-4/9394
942 _cBOOK
980 _aNB